000 00839nas a2200253 4500
001 BR2013007115
003 BR-BrBNA
005 20231205122904.0
007 ta
008 230509b bl.|||p| |||| 00| 00por d
040 _aBR-BrBNA
_bpor
_cBiblioteca Nacional de Agricultura
041 _a(Pt)
072 _aP36; P33
100 1 _aCorrêa, R.S.
100 1 _aBento, M.A.B.
245 1 _aQualidade do substrato minerado de uma área de empréstimo revegetada no Distrito Federal
650 _aRECUPERAÇÃO DO SOLO
650 _aQUALIDADE
650 _aREVEGETAÇÃO
773 0 _tRevista Brasileira de Ciência do Solo (Brazil)
_xISSN 0100-0683
_g(Jul-Aug 2010), v. 34(4) p. 1435-1443
_wBR2013007115
856 4 0 _uhttp://www.scielo.br/pdf/rbcs/v34n4/39.pdf
909 _a202311
_bLúcia
_c55
_dLúcia Elande
942 _2AGRIS
_n0
_cANA
999 _c231097
_d231097